| 000 | 00872cab a22001935a 4500 | ||
|---|---|---|---|
| 001 | L142322 | ||
| 008 | 080205e20080130xxkd f 000 0 eng d | ||
| 035 | _a(Sirsi) u142322 | ||
| 041 | 0 | _aeng | |
| 100 | 1 | _aAtkinson, James | |
| 245 | 0 | 0 | _aThree in a row for Balfour Beatty |
| 260 | _c2008 | ||
| 490 | 0 |
_aContract Journal _v441(6660) 30 January 2008, 15-17(3) |
|
| 520 | _aBalfour Beatty topped the new work winners league table for 2007, for the third year in a row, with Laing O'Rourke in second place and HBG Construction in third. Total new orders for 2007 reached £32.7bn, nearly £6bn more than the 2006 total of £26.8bn. The strong growth in 2007 was driven by private commercial orders which accounted for 35% of all new orders in 2007. | ||
| 590 | _aKA | ||
| 651 | 4 |
_aGreat Britain _y1707- |
|
| 690 | _aBUILT ENVIRONMENT-CONSTRUCTION MARKET | ||
| 942 | _n0 | ||
| 999 |
_c79769 _d79769 |
||